000 00390nam a22001577a 4500
999 _c258835
_d258834
003 OSt
005 20200714131859.0
008 200714b xxu||||| |||| 00| 0 eng d
040 _cn/a
050 _aT58.6
_b.L3753 2011
100 _aKenneth C. Laudon & Jane P. Laudon
245 _aEssentials of management information systems
250 _a9th ed
260 _c2011
942 _2lcc
_cBK